000 00260nam a2200109 a 4500
005 20140412111327.0
008 110121s19uu xx 00 eng d
050 _aER
_bGo59 1993
100 _aGreve, Andreas
245 _aThe good night story.
999 _c104686
_d104686